Pháp luật về thuế thu nhập đối với thu nhập từ kinh doanh : Luận văn Thạc sỹ Luật học. Chuyên ngành Luật Kinh tế
Khái quát thu nhập từ kinh doanh và pháp luật về thu nhập đối với thu nhập từ hoạt động kinh doanh, thực trạng pháp luật về thuế thu nhập đối với thu nhập từ kinh doanh và giải pháp hoàn thiện.
Đã lưu trong:
| Príomhúdar: | |
|---|---|
| Formáid: | Leabhar |
| Teanga: | Undetermined |
| Foilsithe: |
Cần Thơ
Trường Đại học Cần Thơ
2018
|
| Ábhair: | |
| Clibeanna: |
Cuir Clib Leis
Gan Chlibeanna, Bí ar an gcéad duine leis an taifead seo a chlibeáil!
|
| Thư viện lưu trữ: | Trung tâm Học liệu Trường Đại học Cần Thơ |
|---|
| LEADER | 01189nam a2200241Ia 4500 | ||
|---|---|---|---|
| 001 | CTU_228653 | ||
| 008 | 210402s9999 xx 000 0 und d | ||
| 082 | |a 343.597052 | ||
| 082 | |b A107 | ||
| 088 | |a 60380107 | ||
| 100 | |a Trần, Thị Kim Anh | ||
| 245 | 0 | |a Pháp luật về thuế thu nhập đối với thu nhập từ kinh doanh : | |
| 245 | 0 | |b Luận văn Thạc sỹ Luật học. Chuyên ngành Luật Kinh tế | |
| 245 | 0 | |c Trần Thị Kim Anh ; Lê Thị Nguyệt Châu (Hướng dẫn khoa học) | |
| 260 | |a Cần Thơ | ||
| 260 | |b Trường Đại học Cần Thơ | ||
| 260 | |c 2018 | ||
| 520 | |a Khái quát thu nhập từ kinh doanh và pháp luật về thu nhập đối với thu nhập từ hoạt động kinh doanh, thực trạng pháp luật về thuế thu nhập đối với thu nhập từ kinh doanh và giải pháp hoàn thiện. | ||
| 650 | |a Taxation,Thuế | ||
| 650 | |x Law and legislation,Luật và pháp chế | ||
| 650 | |z Vietnam,Việt Nam | ||
| 910 | |b nthai | ||
| 980 | |a Trung tâm Học liệu Trường Đại học Cần Thơ | ||